Ordinary differential equations

সংরক্ষণ করুন:
গ্রন্থ-পঞ্জীর বিবরন
প্রধান লেখক: Ince, Edward Lindsay (Author)
বিন্যাস: গ্রন্থ
ভাষা:ইংরেজি
প্রকাশিত: Nueva York Dover 1956
মালা:Dover Books on Advanced Mathematics
বিষয়গুলি:
ট্যাগগুলো: ট্যাগ যুক্ত করুন
কোনো ট্যাগ নেই, প্রথমজন হিসাবে ট্যাগ করুন!

MARC

LEADER 00000nam a2200000 a 4500
001 UCX5794
003 CL-VaPUC
008 930119e19560000US |||||||||||||||||eng|d
082 0 4 |a 515.352  |b INC  |2 21 
100 0 |a Ince, Edward Lindsay  |e author  |9 322167 
245 1 0 |a Ordinary differential equations 
300 |a 558 p 
942 |c BK 
945 |d 19930119 00:00:00 
260 |a Nueva York  |b Dover  |c 1956 
650 0 |a Ecuaciones diferenciales  |9 260083 
583 |a last modification  |c 19930119 00:00:00  |k Rodrigo Vera 
490 0 |a Dover Books on Advanced Mathematics 
999 |c 225968  |d 225966 
952 |0 0  |1 0  |4 0  |6 515_352000000000000_INC_1956  |7 0  |8 A  |9 223952  |a BIBMAT  |b BIBMAT  |d 2019-11-15  |i 1308009  |o 515.352 INC 1956  |p 1308009  |r 2025-01-07  |w 2019-11-15  |y BK  |k MAT 
952 |0 0  |1 0  |4 0  |6 515_352000000000000_INC_1956  |7 0  |8 A  |9 223953  |a BIBCUR  |b BIBCUR  |d 2019-11-15  |i 4564871  |l 2  |o 515.352 INC 1956  |p 4564871  |r 2025-04-22  |s 2024-10-18  |w 2019-11-15  |y BK  |k FIS